01288nam a2200277 a 450000100100000000500170001000800410002704000250006808200300009311000270012324000210015024502600017125000110043126000640044230000200050650000340052650001210056050400730068150400300075465000380078465000380082265000260086065000310088665000370091770000560095400000495720250922140725.0090728s1995 dr r 000 0 spa d aDO-SdBNPbspacBNPHU a344.7293052bR426co, 19951 aRepública Dominicana10a[Código, etc.]10aCódigo de justicia policial :badministración de justicia en la Policia Nacional de la República Dominicana : incluye ley orgánica policial, jurisprudencia y comentarios /c[anotado] Diego Francisco Jáquez Ortiz, Manuel de Js. Pérez Sánchez. a4a ed. aSanto Domingo :bLitografía Industrial Dominicana,c1995. a72 p. ;c21 cm. aIncluye índice alfabético aIncluye apéndice: Ley institucional de la Policia Nacional Nº 6141 de fecha 28 de diciembre de 1962 G.O. Nº 8724 aIncluye referencias biliográficas y notas al pie de las páginas. aBibliografía : p. 73-76 4aPolicíazRepública Dominicana 4aPolicía nacionalxLegislación 4aResponsabilidad civil 0aResponsabilidad del estado 4aResponsabilidad extracontractual1 aPérez Sánchez, Manuel de Js.q(Manuel de Jesus)